01647nam a2200337 a 4500001001000000003000900010005001700019007000300036008004100039040002500080082002600105245011800131260007300249300002000322490004200342590002600384650004200410650003100452700003700483700005700520700005400577700004000631830004900671910003800720942001400758952012900772952012600901952013501027952013001162999001701292000028496DO-SdBNP20260321073641.0ta110408t2003 dr 001 j spa d aDO-SdBNPbspacBNPHU aRD863.4408bT396c22200aTres cuentos sobre el dinero /cManuel del Cabral, Juan Bosch, Ramón Francisco ; editor Tomás Castro Burdiez. aSanto Domingo :bFundación para la Educación y las Artes,c2003. a24 p. ;c21 cm.1 aCuadernos educativos y culturalesv13 aInventariado, 2020/VM14aCuentos dominicanosxColecciones950310aLiteratura dominicana.9671 a Bosch, Juan, d1909-20019765551 aFrancisco, Ramón,d1929-tLa moneda gastada9554631 aCabral, Manuel del,d1907-1999tEl centavo923556 aCastro, Tomás,d1959-eed.924641 0aCuadernos educativos y culturalesv13955465 aValidado. Control de calidad EMS. 2ddccLBS1 001054708PDaPDbPDcHDd2011-04-08iLF1l0oRD863.4408 C117tp28496-10r2020-06-25w2020-06-25yLFPDZPréstamo en sala 0010718PDaPDbPDcHDd2015-06-24iLF1l0oRD863.4408 C117tp28496-20r2020-06-25te. 2w2020-06-25yLFPDZNo se presta 001054708DSaPDbPDcHDd2017-04-03iLF1l0oRD863.4408 C117tp28496-30r2020-06-25te. 3w2020-06-25yLFDSZPréstamo en sala 00102ddc56708DSaBNPHUbBNPHUcCTd2023-02-13l0oBNPHU DS RD863.4408 T396cp2023-0854r2023-02-13te.4w2023-02-13yLBS1 c27988d27988